Symfónia č. 5 cis mol

Bibliographic Details
Main Author: Mahler, Gustav, 1860-1911 (Composer)
Corporate Author: Berlinski filharmonici (Performer)
Other Authors: Karajan, Herbert von, 1908-1989 (Conductor), Ludwig, Christa (Singer)
Format: Audio
Language:Slovak
German
PhysicalDescription:1 gramofónová platňa 30 cm
Published: [Bratislava] Opus [1977]
Subjects:

MARC

LEADER 00000cjm a22000001 4500
001 vtls009528543
003 SK-MaSNL
005 20260331204827.0
007 sz bsn nnmpn e
008 090622s1977 xo syn g ei u slo
028 0 1 |a 91 10 0721  |b Opus 
028 0 1 |a 91 10 0722  |b Opus 
028 1 3 |a OE 2378/A A  |b Opus 
028 1 3 |a OE 2379/A A  |b Opus 
028 1 3 |a OE 2380/A A  |b Opus 
028 1 3 |a OE 2381/A A  |b Opus 
040 |a SNK  |b slo  |c SNK  |e rda 
041 0 |a slo  |a ger 
072 7 |a 785  |x Inštrumentálna hudba. Symfonická hudba. Hudba pre viac nástrojov  |2 konspekt 
080 |a 785.11  |2 2011 
080 |a 78.082.1  |2 2011 
080 |a (086.76)  |2 2011 
100 1 |a Mahler, Gustav,  |d 1860-1911  |4 cmp  |9 123158 
245 1 0 |a Symfónia č. 5 cis mol  |c Gustav Mahler 
264 1 |a [Bratislava]  |b Opus  |c [1977] 
264 4 |c Ⓟ 1977 
300 |a 1 gramofónová platňa  |c 30 cm 
336 |a hraná hudba  |b prm  |2 rdacontent 
337 |a audio  |b s  |2 rdamedia 
338 |a iný  |b z  |2 rdacarrier 
340 |a vinyl  |a rda 
344 |a analog  |c 33 ot/min  |g stereo  |2 rda 
500 |a Súprava dvoch gramofónových platní obsahuje 2 skladby 
500 |a Názov prevzatý z obalu 
500 |a Miesto vydania podľa vydavateľa 
500 |a Gramofónový klub 
500 |a Made in Czechoslovakia under license of Polydor International GmbH. Hamburg 
511 1 |a Účinkujú: Berlinski filharmonici, Herbert von Karajan 
650 0 7 |a symfónie  |2 SNKPH  |9 2915 
650 0 7 |a Symphony  |2 SNKPHeng  |9 311012 
655 7 |a gramofónové platne  |2 SNKPH  |9 74608 
655 7 |a Gramophone records  |2 SNKPHeng  |9 286457 
700 1 |a Karajan, Herbert von,  |d 1908-1989  |4 cnd  |9 227341 
700 1 |a Ludwig, Christa  |4 sng  |9 454193 
710 2 |a Berlinski filharmonici,  |4 prf  |9 698261 
740 0 2 |a Symfónia č. 5 cis mol  |h zvukový dokument 
740 0 2 |a Piesne o mŕtvych deťoch  |h zvukový dokument 
999 |c 1087613  |d 1089543 
952 |a SNK  |b SNK  |y PREZ  |7 0  |p 17A1420091  |o snkSV 1594a,b  |i snk8016-7/79  |0 0  |1 0  |4 0  |d 2021-06-30  |l 0  |r 2026-02-24 16:46:53  |w 2026-02-24 
952 |a SNKMST  |b SNKMST  |y PREZ  |7 0  |p 17A1420092  |o snkSV 1594a,b D1  |i snk8059-60/79  |0 0  |1 0  |4 0  |d 2021-06-30  |l 0  |r 2026-02-24 16:46:53  |w 2026-02-24